Construction materials (Record no. 3506)

000 -LEADER
fixed length control field 00497nam a22002057a 4500
001 - CONTROL NUMBER
control field 3506
003 - CONTROL NUMBER IDENTIFIER
control field BD-DhUET
008 - FIXED-LENGTH DATA ELEMENTS--GENERAL INFORMATION
fixed length control field 0
020 ## - INTERNATIONAL STANDARD BOOK NUMBER
International Standard Book Number 0419154701
040 ## - CATALOGING SOURCE
Transcribing agency 0
Modifying agency BD-DhUET
082 ## - DEWEY DECIMAL CLASSIFICATION NUMBER
Classification number 620.136
Item number ILL/1994
100 ## - MAIN ENTRY--PERSONAL NAME
Personal name Illston, J. M.
245 ## - TITLE STATEMENT
Title Construction materials
Remainder of title their nature and behavior
250 ## - EDITION STATEMENT
Edition statement 1st ed.
260 ## - PUBLICATION, DISTRIBUTION, ETC. (IMPRINT)
Place of publication, distribution, etc. London
Name of publisher, distributor, etc. E & FN Spon
Date of publication, distribution, etc. 1994
300 ## - PHYSICAL DESCRIPTION
Extent xxiii, 517 p.
Other physical details ill.
Dimensions 20 cm.
504 ## - BIBLIOGRAPHY, ETC. NOTE
Bibliography, etc Includes bibliographies
650 #0 - SUBJECT ADDED ENTRY--TOPICAL TERM
Topical term or geographic name as entry element Concrete-Engineering
942 ## - ADDED ENTRY ELEMENTS (KOHA)
Koha item type General Book
Holdings
Koha full call number Koha item type Lost status Shelving location Sublocation or collection (holding branch) Koha normalized classification for sorting Copy number Source of classification or shelving scheme Date acquired Withdrawn status Damaged status Piece designation (barcode) Koha issues (times borrowed) Koha date last borrowed Location (home branch) Price effective from Not for loan Koha renewals Koha date last seen
620.136/ILL/1994General Book Circulation sectionCentral Library, BUET620_136000000000000_ILL_19941 2014-11-01  9249012015-03-04Central Library, BUET2014-11-01  2021-06-30
620.136/ILL/1994General Book Circulation sectionCentral Library, BUET620_136000000000000_ILL_19942 2014-11-01  92503  Central Library, BUET2014-11-01  2014-11-01
620.136/ILL/1994General Book Circulation sectionCentral Library, BUET620_136000000000000_ILL_19943 2014-11-01  9249912021-08-28Central Library, BUET2014-11-01  2021-08-28
620.136/ILL/1994General Book Circulation sectionCentral Library, BUET620_136000000000000_ILL_19944 2014-11-01  92494  Central Library, BUET2014-11-01 22016-03-12
620.136/ILL/1994General Book Circulation sectionCentral Library, BUET620_136000000000000_ILL_19945 2014-11-01  92501  Central Library, BUET2014-11-01  2014-11-01
620.136/ILL/1994General Book Circulation sectionCentral Library, BUET620_136000000000000_ILL_19946 2014-11-01  9248612024-09-07Central Library, BUET2014-11-01  2024-09-14
620.136/ILL/1994Reading Item Reading sectionCentral Library, BUET620_136000000000000_ILL_19947 2015-06-14  92484  Central Library, BUET2015-06-14  2015-06-14